Countries and Their capitals - Statistics

General Stats
  • This quiz has been taken 20 times
    16 since last reset
  • The average score is 131 of 496
Answer Stats
Country Capital % Correct
Ireland Dublin
100%
United Kingdom London
100%
Afghanistan Kabul
67%
Albania Tirana
67%
Andorra Andorra La Vella
67%
Angola Luanda
67%
Armenia Yerevan
67%
Austria Vienna
67%
Azerbaijan Baku
67%
Cambodia Phnom Penh
67%
Canada Ottawa
67%
China Beijing
67%
Denmark Copenhagen
67%
Estonia Tallinn
67%
Finland Helsinki
67%
Georgia Tbilisi
67%
Germany Berlin
67%
Honduras Tegucigalpa
67%
Hungary Budapest
67%
Italy Rome
67%
Kazakhstan Astana
67%
Kyrgyzstan Bishkek
67%
Laos Vientiane
67%
Latvia Riga
67%
Libya Tripoli
67%
Lithuania Vilnius
67%
Mexico Mexico City
67%
Mexico City
67%
Monaco | Monaco
67%
Morocco Rabat
67%
Netherlands Amsterdam
67%
Norway Oslo
67%
Poland Warsaw
67%
Portugal Lisbon
67%
Rome
67%
Russia Moscow
67%
Solomon Islands Honiara
67%
Sweden Stockholm
67%
Tajikistan Dushanbe
67%
Turkmenistan Ashgabat
67%
United States Washington DC
67%
Uzbekistan Tashkent
67%
Vietnam Hanoi
67%
Abuja
33%
Algeria Algiers
33%
Algiers
33%
American Samoa Pago Pago
33%
Amman
33%
Amsterdam
33%
Andorra La Vella
33%
Ankara
33%
Antigua and Barbuda St. John's
33%
Apia
33%
Argentina Buenos Aires
33%
Ashgabat
33%
Asmara
33%
Astana
33%
Asunción
33%
Athens
33%
Australia Canberra
33%
Baghdad
33%
Bahamas Nassau
33%
Bahrain Manama
33%
Baku
33%
Bangladesh Dhaka
33%
Barbados Bridgetown
33%
Basse-Terre
33%
Basseterre
33%
Beijing
33%
Beirut
33%
Belarus Minsk
33%
Belgium Brussels
33%
Belgrade
33%
Belize Belmopan
33%
Belmopan
33%
Berlin
33%
Bern
33%
Bhutan Thimphu
33%
Bishkek
33%
Bissau
33%
Bogota
33%
Bolivia La Paz and Sucre
33%
Bosnia and Herzegovina Sarajevo
33%
Botswana Gaborone
33%
Brasília
33%
Bratislava
33%
Brazil Brasilia
33%
Brazzaville
33%
Bridgetown
33%
Brunei Bandar Seri Begawan
33%
Brussels
33%
Budapest
33%
Buenos Aires
33%
Bujumbura
33%
Burkina Faso Ouagadougou
33%
Burundi Bujumbura
33%
Cairo
33%
Cameroon Yaounde
33%
Canberra
33%
Cape Verde Praia
33%
Caracas
33%
Castries
33%
Central African Republic Bangui
33%
Chad N'Djamena
33%
Chile Santiago
33%
Chișinău
33%
Colombia Bogota
33%
Comoros Moroni
33%
Conakry
33%
Copenhagen
33%
Costa Rica San Jose
33%
Côte d'Ivoire Yamoussoukro
33%
Cuba Havana
33%
Cyprus Nicosia
33%
Czechia Prague
33%
Dakar
33%
Damascus
33%
Demorcratic Republic of the Congo Kinshasa
33%
Dhaka
33%
Dili
33%
Djibouti | Djibouti
33%
Dodoma
33%
Doha
33%
Dominica Roseau
33%
Dominican Republic Santo Domingo
33%
Dublin
33%
Dushanbe
33%
Ecuador Quito
33%
Egypt Cairo
33%
El Salvador San Salvador
33%
Equatorial Guinea Malabo
33%
Eritrea Asmara
33%
Ethiopia Adis Ababa
33%
France Paris
33%
Freetown
33%
French Guiana Cayenne
33%
French Polynesia Papeete
33%
Funafuti
33%
Gabon Libreville
33%
Gaborone
33%
Gambia Banjul
33%
George Town
33%
Georgetown
33%
Greece Athens
33%
Greenland Nuuk
33%
Grenada St. Georges
33%
Guam Hagatna
33%
Guatemala Guatemala City
33%
Guatemala City
33%
Guinea Conakry
33%
Guinea-Bissau Bissau
33%
Guyana Georgetown
33%
Haiti Port Au Prince
33%
Hanoi
33%
Harare
33%
Havana
33%
Helsinki
33%
Hong Kong | Hong Kong
33%
Honiara
33%
Iceland Reykjavik
33%
India New Delhi
33%
Indonesia Jakarta
33%
Iran Tehran
33%
Iraq Baghdad
33%
Isle of Man Douglas
33%
Jakarta
33%
Jamaica Kingston
33%
Jordan Amman
33%
Juba
33%
Kabul
33%
Kampala
33%
Kenya Nairobi
33%
Khartoum
33%
Kiev
33%
Kingston
33%
Kingstown
33%
Kinshasa
33%
Kiribati South Tarawa
33%
Kosovo Pristina
33%
Kuala Lumpur
33%
Kuwait Kuwait City
33%
Kuwait City
33%
La Paz and Sucre
33%
Lebanon Beirut
33%
Lesotho Maseru
33%
Liberia Monrovia
33%
Libreville
33%
Liechtenstein Vaduz
33%
Lilongwe
33%
Lima
33%
Lisbon
33%
Ljubljana
33%
London
33%
Luanda
33%
Lusaka
33%
Luxembourg | Luxembourg
33%
Macao | Macao
33%
Madrid
33%
Majuro
33%
Malabo
33%
Malawi Lilongwe
33%
Malaysia Kuala Lumpur
33%
Malta Valletta
33%
Manama
33%
Maputo
33%
Marshall Islands Majuro
33%
Maseru
33%
Mauritius Port Louis
33%
Mbabane
33%
Micronesia Palikir
33%
Minsk
33%
Moldova Chisinau
33%
Mongolia Ulaanbaatar
33%
Monrovia
33%
Montenegro Podgorica
33%
Montevideo
33%
Moroni
33%
Moscow
33%
Mozambique Maputo
33%
Muscat
33%
Myanmar Naypyidaw
33%
Nairobi
33%
Namibia Windhoek
33%
Nassau
33%
Nauru Yaren
33%
N'Djamena
33%
New Delhi
33%
New Zealand Wellington
33%
Ngerulmud
33%
Niamey
33%
Nicaragua Managua
33%
Nicosia
33%
Niger Niamey
33%
Nigeria Abuja
33%
Oman Muscat
33%
Oslo
33%
Ottawa
33%
Ouagadougou
33%
Pakistan Islamabad
33%
Palau Ngerulmud
33%
Palestine Jerusalem or Ramallah
33%
Palikir
33%
Panama Panama City
33%
Panama City
33%
Paraguay Asuncion
33%
Paramaribo
33%
Paris
33%
Peru Lima
33%
Phnom Penh
33%
Podgorica
33%
Port Au Prince
33%
Port Louis
33%
Port of Spain
33%
Prague
33%
Praia
33%
Pretoria, Bloemfontein, and Cape Town
33%
Pristina
33%
Puerto Rico San Juan
33%
Qatar Doha
33%
Quito
33%
Rabat
33%
Republic of the Congo Brazzaville
33%
Riga
33%
Riyadh
33%
Romania Bucharest
33%
Rwanda Kigali
33%
Saint Kitts and Nevis Bassterre
33%
Saint Lucia Castries
33%
Saint Vincent and the Grenadines Kingstown
33%
Samoa Apia
33%
Sana'a
33%
San Jose
33%
San Salvador
33%
Santiago
33%
Santo Domingo
33%
São Tomé
33%
São Tomé and Príncipe Sao Tome
33%
Sarajevo
33%
Saudi Arabia Riyadh
33%
Senegal Dakar
33%
Serbia Belgrade
33%
Seychelles Victoria
33%
Sierra Leone Freetown
33%
Slovakia Bratislava
33%
Slovenia Ljubljana
33%
Somalia Mogadishu
33%
South Africa Pretoria, Bloemfontein, and Cape Town
33%
South Sudan Juba
33%
South Tarawa
33%
Spain Madrid
33%
St. Georges
33%
St. John's
33%
Stockholm
33%
Sudan Khartoum
33%
Suriname Paramaribo
33%
Swaziland Mbabane
33%
Switzerland Bern
33%
Syria Damascus
33%
Taipei
33%
Taiwan Taipei
33%
Tallinn
33%
Tanzania Dodoma
33%
Tashkent
33%
Tegucigalpa
33%
Tehran
33%
Thailand Bangkok
33%
Thimphu
33%
Timor-Leste Dili
33%
Tirana
33%
Tonga Nuku'alofa
33%
Trinidad and Tobago Port of Spain
33%
Tripoli
33%
Tunis
33%
Tunisia Tunis
33%
Turkey Ankara
33%
Tuvalu Funafuti
33%
Uganda Kampala
33%
Ukraine Kiev
33%
Ulaanbaatar
33%
United Arab Emirates Abu Dhabi
33%
Uruguay Montevideo
33%
Vaduz
33%
Valletta
33%
Vanuatu Port VIla
33%
Venezuela Caracas
33%
Victoria
33%
Vienna
33%
Vientiane
33%
Vilnius
33%
Warsaw
33%
Washington DC
33%
Wellington
33%
Windhoek
33%
Yamoussoukro
33%
Yaoundé
33%
Yaren
33%
Yemen Sana'a
33%
Yerevan
33%
Zambia Lusaka
33%
Zimbabwe Harare
33%
Abu Dhabi
0%
Accra
0%
Adamstown
0%
Adis Ababa
0%
Åland Islands Mariehamn
0%
Alofi
0%
Anguilla The Valley
0%
Antananarivo
0%
Antarctica N/A
0%
Aruba Oranjestad
0%
Atafu
0%
Avarua
0%
Bamako
0%
Bandar Seri Begawan
0%
Bangkok
0%
Bangui
0%
Banjul
0%
Benin Porto-Novo
0%
Bermuda Hamilton
0%
Bonaire, Sint Eustatius and Saba Kralendijk
0%
Bouvet Island N/A
0%
Brades
0%
British Indian Ocean Territory Diego Garcia
0%
British Virgin Islands Road Town
0%
Bucharest
0%
Bulgaria Sofia
0%
Cayenne
0%
Cayman Islands George Town
0%
Charlotte Amalie
0%
Christmas Island Flying Fish Cove
0%
Cockburn Town
0%
Cocos Islands West Island
0%
Cook Islands Avarua
0%
Croatia Zagreb
0%
Curaçao Willemstad
0%
Diego Garcia
0%
Douglas
0%
Falkland Islands Stanley
0%
Faroe Islands Torshavn
0%
Fiji Suva
0%
Flying Fish Cove
0%
Fort-de-France
0%
French Southern Territories Saint Pierre
0%
Ghana Accra
0%
Gibraltar | Gibraltar
0%
Guadeloupe Basse-Terre
0%
Guernsey Saint Peter-Port
0%
Gustavia
0%
Hagatna
0%
Hamilton
0%
Heard Island and McDonald Islands N/A
0%
Islamabad
0%
Israel Jerusalem or Tel Aviv
0%
Jamestown
0%
Japan Tokyo
0%
Jersey Saint Helier
0%
Jerusalem or Ramallah
0%
Jerusalem or Tel Aviv
0%
Kathmandu
0%
Kigali
0%
Kralendijk
0%
Laayoune
0%
Lomé
0%
Longyearben
0%
Macedonia Skopje
0%
Madagascar Antananarivo
0%
Maldives Male
0%
Malé
0%
Mali Bamako
0%
Mamoudzou
0%
Managua
0%
Manila
0%
Mariehamn
0%
Marigot
0%
Martinique Fort-de-France
0%
Matu-Utu
0%
Mauritania Nouakchott
0%
Mayotte Mamoudzou
0%
Mogadishu
0%
Montserrat Brades
0%
Naypyidaw
0%
Nepal Kathmandu
0%
New Caledonia Noumea
0%
Niue Alofi
0%
Norfolk Island Kingston
0%
Northern Mariana Islands Saipan
0%
North Korea Pyongyang
0%
Nouakchott
0%
Nouméa
0%
Nuku'alofa
0%
Nuuk
0%
Oranjestad
0%
Pago Pago
0%
Papeete
0%
Papua New Guinea Port Moresby
0%
Philippines Manila
0%
Philipsburg
0%
Pitcairn Islands Adamstown
0%
Port Moresby
0%
Porto-Novo
0%
Port Vila
0%
Prince Edward Point
0%
Pyongyang
0%
Réunion Saint-Denis
0%
Reykjavik
0%
Road Town
0%
Roseau
0%
Saint Barthélemy Gustavia
0%
Saint-Denis
0%
Saint Helena, Ascension and Tristan da Cunha Jamestown
0%
Saint Helier
0%
Saint Martin Marigot
0%
Saint Peter-Port
0%
Saint Pierre
0%
Saint Pierre and Miquelon Saint Pierre
0%
Saipan
0%
San Juan
0%
San Marino | San Marino
0%
Seoul
0%
Singapore | Singapore
0%
Sint Maarten Philipsburg
0%
Skopje
0%
Sofia
0%
South Georgia and the South Sandwich Islands Prince Edward Point
0%
South Korea Seoul
0%
Sri Jayawardenepura Kotte
0%
Sri Lanka Sri Jayawardenepura Kotte
0%
Stanley
0%
Suva
0%
Svalbard and Jan Mayen Longyearbyen
0%
Tbilisi
0%
The Valley
0%
Togo Lome
0%
Tokelau Atafu
0%
Tokyo
0%
Torshavn
0%
Turks and Caicos Islands Cockburn Town
0%
United States Minor Outlying Islands N/A
0%
US Virgin Islands Charlotte Amalie
0%
Vatican City | Vatican City
0%
Wallis and Futuna Matu-Utu
0%
Western Sahara Laayoune
0%
West Island
0%
Willemstad
0%
Zagreb
0%
No matching quizzes found
Score Distribution
Percent of People with Each Score
Percentile by Number Answered
Your Score History
You have not taken this quiz since the last reset